Slade Songs on the Billboard Hot 100 Chart (USA) - Statistics

General Stats
  • This quiz has been taken 19 times
  • The average score is 4 of 7
Answer Stats
Peak Chart Position, Year Song Title % Correct
98, 1973 Cum On Feel The Noize
89%
37, 1984 My, Oh My
78%
20, 1984 Run, Runaway
67%
76, 1972 Mama Weer All Crazee Now
56%
68, 1973 Gudbuy T' Jane
33%
97, 1972 Take Me Bak 'Ome
28%
86, 1985 Little Sheila
11%
No matching quizzes found
Score Distribution
Percent of People with Each Score
Percentile by Number Answered
Your Score History
You have not taken this quiz